Evaluación del área de evaporación del ingenio Benjamín Zeledón
Esta tesis consiste en una determinación de los coeficientes de transferencia de calor y masa de un secador de lecho deslizante (LSU), con distribución de aire central construido a escala piloto y ubicada en la Universidad Nacional de Ingeniería (UNI) en Managua, Nicaragua. Los experimentos fuero...
| Main Author: | |
|---|---|
| Other Authors: | |
| Format: | Tesis Section = Libro |
| Language: | Undetermined Spanish |
| Published: |
Managua
UCA
1985
|
| Subjects: |
| LEADER | 01339nam a2200229Ia 4500 | ||
|---|---|---|---|
| 008 | 240830s9999 xx 000 0 und d | ||
| 040 | |a BIBLIOTECA-RUSB/ Mon 660.28426 B415 | ||
| 041 | |a spa | ||
| 082 | |a Mon 660.28426 B415 | ||
| 100 | 1 | |a Beer Gómez, Heston M. | |
| 245 | 1 | 0 | |a Evaluación del área de evaporación del ingenio Benjamín Zeledón |
| 260 | |a Managua |b UCA |c 1985 | ||
| 300 | |a 163 p. :il. | ||
| 502 | |a Tesis (Ingeniero Químico Industrial) - UCA, 1985. | ||
| 520 | 3 | |a Esta tesis consiste en una determinación de los coeficientes de transferencia de calor y masa de un secador de lecho deslizante (LSU), con distribución de aire central construido a escala piloto y ubicada en la Universidad Nacional de Ingeniería (UNI) en Managua, Nicaragua. Los experimentos fueron realizados en fase estacionaria y con tres tipos diferentes de granos: arroz, sorgo y maíz. Este trabajo de tesis es mucha importancia para la Ingeniería Química, ya que pone a disposición un programa de simulación que permita desarrollar teóricamente evaluación de equipos de secado con características similares a los LSU. | |
| 650 | 7 | |a PROCEDIMIENTO DE EVAPORACION AZUCAR | |
| 650 | 7 | |b AZUCAR INDUSTRIAL | |
| 650 | 7 | |c QUIMICA | |
| 700 | 1 | |a Tutor: |b Gómez Rodríguez, Luis | |
| 942 | |c BK |2 ddc | ||
| 991 | |a TESIS | ||
| 999 | |c 20640 | ||